| 000 | 02238nam a2200337Ia 4500 | ||
|---|---|---|---|
| 999 |
_c54800 _d54800 |
||
| 001 | 21869 | ||
| 003 | GE_BSU | ||
| 005 | 20220616161353.0 | ||
| 008 | 181216s ||||ge |||||||||||||| ||geo|| | ||
| 020 | _a9781847102768(ინგლ. გამოცემის) | ||
| 040 | _cGE_BSU | ||
| 041 | _ageo | ||
| 080 | _a657.15(076.1) მ-30 | ||
| 245 |
_aმმართველობითი აღრიცხვა წიგნი F 2 : საგამოცდო სავარჯიშოები : _bპროფესიული გამოცდები / _cწიგნის თარგმანზე და გამოცემაზე მუშაობდნენ : პროექტის ხელმძღვანელი ლ. ჭუმბურიძე ; პროექტ. კოორდ. კ. დათიაშვილი ; მთარგმნ. ბ. ალავერდაშვილი ; რედ. ი. გიაშვილივილი, ნ. ბოლოკაძე, მ. გველესიანი. |
||
| 264 |
_aთბილისი : _bდანი, _c2016. |
||
| 300 |
_a154 გვ. ; _c29 სმ. |
||
| 490 | _aACCA ინგლისისა და უელსის ნაფიც სერტიფიცირებულ ბუღალტერთა ასოციაცია | ||
| 541 | _h29 ლ. 50თ. | ||
| 653 | _aბუღალტერია | ||
| 653 | _aეკონომიკა | ||
| 653 | _aმმართველობითი აღრიცხვა | ||
| 653 | _a წიგნი F 2 | ||
| 653 | _aსაგამოცდო სავარჯიშოები | ||
| 653 | _aპროფესიული გამოცდები | ||
| 700 |
_aჭუმბურიძე, ლ. _eპროექტის ხელმძღვანელი _914123 |
||
| 700 |
_aალავერდაშვილი, ბ. _eმთარგმნელი _914086 |
||
| 700 |
_aგიაშვილი, ი. _eრედაქტორი _914106 |
||
| 700 |
_aბოლოკაძე, ნ. _eრედაქტორი _914107 |
||
| 700 |
_aგველესიანი, მ. _eრედაქტორი _914108 |
||
| 942 |
_cBK _2udc |
||